| 000 | 00520nam a2200169Ia 4500 | ||
|---|---|---|---|
| 008 | 230612s9999 xx 000 0 und d | ||
| 041 | _aeng | ||
| 082 | _a004.165 GHO | ||
| 100 |
_aGhosh P.K. _9108141 |
||
| 245 | _a0000 To 8085 Introduction To Microprocessor For Engineers And Scientists | ||
| 260 |
_c1991 _bPrentice Hall Of India |
||
| 300 |
_a253 _cRef 115 E (2526) |
||
| 365 |
_cRs. _b89.00 |
||
| 700 |
_aGhosh P.K. & Sridhar P.R. _9184839 |
||
| 906 |
_dB:22822-Jun-1993 _cETC _b13.35 |
||
| 999 |
_c166219 _d166219 |
||